Top 10 HIghest Oil Producing Countries of Africa - Statistics

General Stats
  • This quiz has been taken 102 times
  • The average score is 7 of 10
Answer Stats
Hint Answer % Correct
Nigeria
98%
Algeria
92%
Libya
84%
Egypt
81%
Angola
75%
South Africa
72%
Sudan
66%
Republic of the Congo
65%
Equatorial Guinea
49%
Gabon
47%
No matching quizzes found
Score Distribution
Percent of People with Each Score
Percentile by Number Answered
Your Score History
You have not taken this quiz